000 00609nam a2200241Ia 4500
003 OSt
005 20220918212138.0
006 a|||||r|||| 00| 0
007 ta
008 220917b |||||||| |||| 00| 0 eng d
024 _a127,447
037 _cTextual
040 _aARTS
_cARTS
_beng
041 _2eng
_aeng
082 _aW6.80m2, M2
100 _aGrant B
_9122661
245 0 _aGods and politicians
260 _aAustralia
_bAllen Lane
_c1982
300 _ax, 198p.
_ccm.
650 _aPOLITICAL SCIENCE
942 _hW6.80m2, M2
_cTEXL
_2CC
999 _c250589
_d250589